Identidades sociales en Guatemala /

Na minha lista:
Detalhes bibliográficos
Autor principal: Pedroni, Guillermo
Autores Corporativos: FLACSO (Guatemala), CSUCA
Outros Autores: Solares, Jorge
Formato: Texto
Publicado em: Guatemala: FLACSO
Tags: Adicionar Tag
Sem tags, seja o primeiro a adicionar uma tag!

MARC

LEADER 00000 a a2200000 04500
001 22738
003
040
090 |a 156200  
100 |a Pedroni, Guillermo  
110 |a FLACSO (Guatemala)  
245 |a Identidades sociales en Guatemala /  |c FLACSO (Guatemala)  
260 |a Guatemala:   |b FLACSO  
300 |a 32 p  
700 |a Solares, Jorge  
710 |a CSUCA  
999 |c 16305  |d 16305